Mô hình input - output và những ứng dụng cụ thể trong phân tích, dự báo kinh tế và môi trường

Sách giới thiệu kỹ thuật và hướng dẫn sử dụng lập bảng I/O; đồng thời trình bày các ứng dụng của bảng I/O trong phân tích và dự báo kinh tế, cũng như mô tả một hướng phát triển ứng dụng mới của bảng I/O trong phân tích sự liên kết giu...

Celý popis

Uloženo v:
Podrobná bibliografie
Médium: Kniha
Jazyk:Undetermined
Vydáno: Hà Nội Thống Kê 2001
Témata:
Tagy: Přidat tag
Žádné tagy, Buďte první, kdo otaguje tento záznam!
Thư viện lưu trữ: Trung tâm Học liệu Trường Đại học Cần Thơ
LEADER 01187nam a2200205Ia 4500
001 CTU_42812
008 210402s9999 xx 000 0 und d
020 |c 15000 
082 |a 519.40285 
082 |b M450 
245 0 |a Mô hình input - output và những ứng dụng cụ thể trong phân tích, dự báo kinh tế và môi trường 
245 0 |c Bùi Trinh ...[et al.] 
260 |a Hà Nội 
260 |b Thống Kê 
260 |c 2001 
520 |a Sách giới thiệu kỹ thuật và hướng dẫn sử dụng lập bảng I/O; đồng thời trình bày các ứng dụng của bảng I/O trong phân tích và dự báo kinh tế, cũng như mô tả một hướng phát triển ứng dụng mới của bảng I/O trong phân tích sự liên kết giữa kinh tế và môi trường ( chất thải ) cùng vai trò hiện nay của bảng I/O ở Việt Nam. 
650 |a Numerical analysis,Phân tích số 
650 |x Data processing,Xử lý dữ liệu 
904 |i Minh, H. Mai 
980 |a Trung tâm Học liệu Trường Đại học Cần Thơ